বিশ্ববরেণ্যদের কালজয়ী ভাষণ / (Record no. 3779)
[ view plain ]
| 000 -LEADER | |
|---|---|
| fixed length control field | 00765nam a2200241 a 4500 |
| 001 - CONTROL NUMBER | |
| JCCL Control Number | 3779 |
| 003 - CONTROL NUMBER IDENTIFIER | |
| JCCL marc code | BD-JhCC |
| 005 - DATE AND TIME OF LATEST TRANSACTION | |
| control field | 20190718134014.0 |
| 008 - FIXED-LENGTH DATA ELEMENTS--GENERAL INFORMATION | |
| fixed length control field | 171118s2010 bg |||| |||| 000 0 mul d |
| 020 ## - INTERNATIONAL STANDARD BOOK NUMBER | |
| International Standard Book Number | 9848685553 |
| 035 ## - SYSTEM CONTROL NUMBER | |
| system control number | (BD-JhCC)3779 |
| 040 ## - CATALOGING SOURCE | |
| Original cataloging agency | BD-JhCC |
| Modifying agency | BD-JhCC |
| 041 ## - LANGUAGE CODE | |
| Language code of Book | Bengali and English |
| 082 ## - DEWEY DECIMAL CLASSIFICATION NUMBER | |
| Classification number | 302.2 |
| Author mark and Year | RAH 2010 |
| 100 ## - MAIN ENTRY--PERSONAL NAME | |
| Personal name | রহমান, এ কে এম মুজিবুর |
| 245 ## - TITLE STATEMENT | |
| Title | বিশ্ববরেণ্যদের কালজয়ী ভাষণ / |
| Statement of responsibility, etc | এ কে এম মুজিবুর রহমান. |
| 260 ## - PUBLICATION, DISTRIBUTION, ETC. (IMPRINT) | |
| Place of publication, distribution, etc | ঢাকা : |
| Name of publisher, distributor, etc | অন্যপ্রকাশ, |
| Date of publication, distribution, etc | 2010 |
| 300 ## - PHYSICAL DESCRIPTION | |
| Pagination | 291 . : |
| Dimensions | 21 cm. |
| 650 ## - SUBJECT ADDED ENTRY--TOPICAL TERM | |
| Topical term or geographic name as entry element | Speech |
| 650 ## - SUBJECT ADDED ENTRY--TOPICAL TERM | |
| Topical term or geographic name as entry element | Public Speaking |
| 942 ## - ADDED ENTRY ELEMENTS (KOHA) | |
| Source of classification or shelving scheme | Dewey Decimal Classification |
| Koha item type | Books |
| Koha issues (borrowed), all copies | 2 |
| Source of classification or shelving scheme | Damaged status | Not for loan | Home library | Current library | Shelving location | Date of accession | Cost, normal purchase price | Total Checkouts | Full call number | Barcode | Date last seen | Date checked out | Copy number | Koha item type |
|---|---|---|---|---|---|---|---|---|---|---|---|---|---|---|
| Dewey Decimal Classification | JCC Rouf Library | JCC Rouf Library | General Stacks | 11/17/2017 | 350.00 | 1 | 302.2 RAH 2010 | 5584 | 04/24/2019 | 04/17/2019 | C-1 | Books | ||
| Dewey Decimal Classification | JCC Rouf Library | JCC Rouf Library | General Stacks | 12/30/2017 | 350.00 | 1 | 302.2 RAH 2010 | 8209 | 08/06/2019 | 07/18/2019 | C-2 | Books | ||
| Dewey Decimal Classification | JCC Rouf Library | JCC Rouf Library | General Stacks | 01/31/2018 | 350.00 | 302.2 RAH 2010 | 9487 | 01/31/2018 | C-3 | Books |